01987nam a2200397 a 4500001001200000003000800012006001900020007001500039008004100054010001700095020001800112020002700130040002100157035002100178043001200199050002500211082001600236100002200252245013500274250001200409260004900421300002400470490008600494504005100580505027800631533015200909650006401061650005501125650006001180651004301240651004701283655002901330710001701359830008701376856012601463ebr10519724CaPaEBRm u cr cn|||||||||110418s2011 txua sb s001 0 eng d z 2011015285 z9780292728622 z9780292735477 (e-book) aCaPaEBRcCaPaEBR a(OCoLC)772692297 as-pe---14aF3451.M8bR53 2011eb04a985/.342221 aRice, Prudence M.10aVintage Moqueguah[electronic resource] :bhistory, wine, and archaeology on a colonial Peruvian periphery /cby Prudence M. Rice. a1st ed. aAustin :bUniversity of Texas Press,cc2011. axix, 343 p. :bill.1 aJoe R. and Teresa Lozano Long series in Latin American and Latino art and culture aIncludes bibliographical references and index.0 apt. 1. Background and deep context -- pt. 2. Actors and institutions : Moquegua on the periphery of empire -- pt. 3. Wine : the commodity -- pt. 4. Material culture : objects as actors and agents -- pt. 5. Concluding synthesis : on the frontier of a periphery of an empire. aElectronic reproduction.bPalo Alto, Calif. :cebrary,d2013.nAvailable via World Wide Web.nAccess may be limited to ebrary affiliated libraries. 0aWine and wine makingzPeruzMoquegua River ValleyxHistory. 0aViticulturezPeruzMoquegua River ValleyxHistory. 0aExcavations (Archaeology)zPeruzMoquegua River Valley. 0aMoquegua River Valley (Peru)xHistory. 0aMoquegua River Valley (Peru)xAntiquities. 7aElectronic books.2local2 aebrary, Inc. 0aJoe R. and Teresa Lozano Long series in Latin American and Latino art and culture.40uhttp://site.ebrary.com/lib/rucke/Doc?id=10519724zAn electronic book accessible through the World Wide Web; click to view